[Event "Championnat de la Loire - Top20"]
[Site "Loire"]
[Date "2004.05.15"]
[Round "9.5"]
[White "Petit, Didier"]
[Black "Mujic, Saban"]
[Result "1/2-1/2"]
[WhiteElo "2000"]
[BlackElo "1940"]
[PlyCount "108"]

1. Nf3 d5 2. g3 g6 3. d4 Bg7 4. Bg2 Nf6 5. O-O O-O 6. c3 Nbd7 7. Nbd2 e6 8. Qc2
c5 9. e3 b6 10. b4 c4 11. e4 Bb7 12. e5 Ne8 13. Re1 Nc7 14. a4 f6 15. exf6 Bxf6
16. Bb2 Re8 17. Re2 Nf8 18. Ne5 Bxe5 19. dxe5 Rb8 20. Nf3 Re7 21. Bc1 Rf7 22.
Bg5 Qd7 23. Nd4 Ne8 24. Bh6 a6 25. Bh3 Ng7 26. Bxg7 Kxg7 27. b5 a5 28. Rae1 Re8
29. Qd2 Qe7 30. Ra1 Qd8 31. Qe3 h6 32. Rb1 Qe7 33. Ra2 Qc5 34. Re1 Bc8 35. Bg4
Nh7 36. h4 Bd7 37. Bd1 Ref8 38. Bg4 Re8 39. Kg2 Nf8 40. Bd1 Bc8 41. g4 Nh7 42.
Bc2 Qe7 43. Kg3 Ref8 44. Bb1 Rg8 45. Nc6 Qc5 46. Qxc5 bxc5 47. Nxa5 Rgf8 48.
Re3 Ra7 49. Nc6 Rc7 50. Bc2 Bd7 51. Bd1 Bxc6 52. bxc6 Rxc6 53. Rb2 d4 54. Rb7+
Rf7 1/2-1/2

[Event "Championnat de la Loire - Top20"]
[Site "Loire"]
[Date "2004.05.15"]
[Round "9.6"]
[White "Bednar, Emile"]
[Black "Bellon, Yves"]
[Result "1/2-1/2"]
[WhiteElo "1840"]
[BlackElo "1880"]
[PlyCount "66"]

1. d4 Nf6 2. c4 c5 3. d5 e6 4. dxe6 fxe6 5. Nf3 Be7 6. e3 O-O 7. Bd3 Nc6 8. Nc3
d5 9. cxd5 exd5 10. O-O Bg4 11. Be2 Qd7 12. a3 Rad8 13. h3 Bh5 14. Nh2 Bg6 15.
Qa4 h6 16. Bf3 Qc8 17. Ne2 b5 18. Qb3 Na5 19. Qc3 Nc4 20. b3 Nd6 21. Nf4 Bf7
22. Bb2 d4 23. exd4 cxd4 24. Qd3 Qf5 25. Qxf5 Nxf5 26. Rfe1 Bd6 27. Ne6 Bxe6
28. Rxe6 Rfe8 29. Rxe8+ Rxe8 30. Ng4 Nd7 31. g3 Nc5 32. Rd1 Kf8 33. Bxd4 Nxb3
1/2-1/2

[Event "Championnat de la Loire - Top20"]
[Site "Loire"]
[Date "2004.05.15"]
[Round "9.7"]
[White "Massard, Christian"]
[Black "Bruel, Bruno"]
[Result "0-1"]
[WhiteElo "1830"]
[BlackElo "1800"]
[PlyCount "40"]

1. Nf3 Nf6 2. c4 c6 3. Nc3 d5 4. cxd5 cxd5 5. d4 Nc6 6. Bd2 e6 7. e3 Be7 8. Be2
O-O 9. O-O a6 10. Rc1 Bd7 11. a3 Na5 12. Ne5 b5 13. Na2 Nc4 14. Nd3 a5 15. f3
Qb8 16. Rc2 Bd6 17. g3 b4 18. axb4 axb4 19. Ndxb4 Ba4 20. Qb1 Nxd2 0-1

[Event "Championnat de la Loire - Top20"]
[Site "Loire"]
[Date "2004.05.15"]
[Round "9.8"]
[White "Minchilli, Franco"]
[Black "Roncin, Cesar"]
[Result "0-1"]
[WhiteElo "1590"]
[BlackElo "1680"]
[PlyCount "140"]

1. e4 e6 2. Nf3 d5 3. e5 c5 4. c3 Nc6 5. Bb5 Bd7 6. Ba4 Nge7 7. O-O Ng6 8. d4
Be7 9. Re1 O-O 10. Nbd2 a6 11. Nf1 cxd4 12. cxd4 b5 13. Bc2 Nb4 14. Bb1 Rc8 15.
a3 Nc6 16. Ng3 Qc7 17. Nh5 a5 18. Bg5 Qb6 19. Bxe7 Ncxe7 20. Ng5 Rc4 21. Nxg7
Kxg7 22. Qh5 h6 23. Nf3 b4 24. Qg4 a4 25. h4 bxa3 26. bxa3 Rfc8 27. h5 Rc1 28.
Bxg6 Rxe1+ 29. Rxe1 fxg6 30. hxg6 Nf5 31. Qf4 Qb2 32. g4 Rf8 33. gxf5 Rxf5 34.
Qe3 Qb3 35. Kg2 Qxe3 36. Rxe3 Rf8 37. Nh4 Rf4 38. Nf3 Kxg6 39. Kg3 Rf8 40. Nh4+
Kg7 41. Rc3 Rc8 42. Rxc8 Bxc8 43. Kg4 Ba6 44. f4 Be2+ 45. Kg3 Bd3 46. Kf3 Bc2
47. Ke3 Be4 48. Kd2 h5 49. Kc3 Kf7 50. Kb4 Bc2 51. Kc5 Bf5 52. Kd6 Bg4 53. Kd7
Bh3 54. Nf3 Bf5 55. Ng5+ Kf8 56. Nxe6+ Kf7 57. Kd6 Bxe6 58. f5 Bxf5 59. Kxd5 h4
60. e6+ Bxe6+ 61. Ke4 Bg4 62. Kf4 h3 63. Kg3 Ke6 64. Kh2 Kd5 65. Kg3 Kxd4 66.
Kh2 Kc3 67. Kg1 Kb2 68. Kh2 Kxa3 69. Kg1 Kb2 70. Kh1 a3 0-1

[Event "Championnat de la Loire - Top20"]
[Site "Loire"]
[Date "2004.05.15"]
[Round "9.9"]
[White "Pupier, Terry"]
[Black "Adamus, Jeremy"]
[Result "1/2-1/2"]
[WhiteElo "1790"]
[BlackElo "1910"]
[PlyCount "104"]

1. e4 e5 2. Nf3 Nc6 3. d4 exd4 4. Nxd4 Bc5 5. Be3 Bb6 6. c3 Nf6 7. Nd2 d6 8.
Be2 Bd7 9. O-O O-O 10. f4 Re8 11. Bf3 Na5 12. Re1 Qc8 13. h3 Be6 14. b3 Nc6 15.
g4 h6 16. Qe2 Ne7 17. Rad1 d5 18. e5 Nh7 19. f5 Bd7 20. Qg2 Nc6 21. Nxc6 bxc6
22. Bd4 c5 23. Bf2 c6 24. c4 d4 25. Bg3 Ng5 26. Be2 Bc7 27. Bd3 Qa6 28. Bb1 Qb6
29. Re2 Re7 30. Rde1 Rae8 31. h4 Nh7 32. f6 gxf6 33. Qe4 Nf8 34. Nf3 Bxe5 35.
Bxe5 fxe5 36. g5 h5 37. Rg2 Ng6 38. Nd2 Qc7 39. Qf3 Bg4 40. Rxg4 hxg4 41. Qxg4
Qd7 42. Bf5 Qc7 43. Ne4 Kg7 44. h5 Rh8 45. Bxg6 fxg6 46. h6+ Kf8 47. Nf6 Rf7
48. Rf1 e4 49. Nd7+ Kg8 50. Nf6+ Kf8 51. Nd7+ Kg8 52. Nf6+ Kf8 1/2-1/2

[Event "Championnat de la Loire - Top20"]
[Site "Loire"]
[Date "2004.05.15"]
[Round "9.10"]
[White "Carrot, Patrick"]
[Black "Clement, Paul"]
[Result "1/2-1/2"]
[WhiteElo "1740"]
[BlackElo "1900"]
[PlyCount "31"]

1. e4 Nf6 2. e5 Nd5 3. c4 Nb6 4. d4 d6 5. exd6 exd6 6. Nf3 Be7 7. Nc3 Bf6 8.
Be2 O-O 9. O-O Be6 10. b3 Bf5 11. Bb2 Nc6 12. h3 Re8 13. Bd3 Qd7 14. Bxf5 Qxf5
15. Qd2 h6 16. Nb5 1/2-1/2